• 首页
  • 本馆介绍
  • 公告通知
  • 最新文献
  • 馆藏检索
  • 电子资源
  • 读者导购
  • 参考咨询
  • 我的图书馆
  • 登录
  • 详细信息显示
  • 放入我的书架
  • 预约/预借图书
  • 作者相关作品
  • 分类相关作品
  • 丛书相关作品
  • 出版社相关作品

书目信息

  • 表格格式
  • 工作单格式
  • 卡片格式
题名:
森林生态与生态系统经营
    
 
作者: 徐化成 著
分册:  
出版信息: 北京   化学工业出版社  2004
页数: 455页
开本: 20cm
丛书名: 环境科学与政策丛书
单 册:
中图分类: S718.55 , S750
科图分类:
主题词: 森林--生态系统--研究 , 森林--生态系统--森林经营--研究 , 森林 , 生态系统 , 森林经营
电子资源:
ISBN: 7-5025-6033-5
000 01132oam2 2200337 450
001 002772888
005 20070805110820.62
010    @a7-5025-6033-5@dCNY48.00
035    @a002772888
100    @a20041201d2004 em y0chiy0110 ea
101 0  @achi
102    @aCN@b110000
105    @ay z 000yy
106    @ar
200 1  @a森林生态与生态系统经营@Asen lin sheng tai yu sheng tai xi tong jing ying@f徐化成著@Fxu hua cheng zhu
210    @a北京@c化学工业出版社@d2004
215    @a455页@d20cm
225 2  @a环境科学与政策丛书@Ahuan jing ke xue yu zheng ce cong shu
304    @a中国人民大学环境学院组织编写
330    @a本书强调了在我国建立生态系统经营体系的重要性,并对这种经营体系的基础(森林的多重价值观)、发展以及宏观规划和育林措施进行了全面深入的讨论。
461  0 @1001002724829@12001 @a环境科学与政策丛书
606 0  @a森林@x生态系统@x研究
606 0  @a森林@x生态系统@x森林经营@x研究
606 0  @a森林
606 0  @a生态系统
606 0  @a森林经营
690    @aS718.55@v4
690    @aS750@v4
701  0 @a徐化成@Axu hua cheng@f(1929.10~)@4著
801  0 @aCN@bNLC@c20070805
905    @dS718.55@e28@f5
    
    森林生态与生态系统经营/徐化成著.-北京:化学工业出版社,2004
    455页;20cm.-(环境科学与政策丛书)
    
    
    ISBN 7-5025-6033-5:CNY48.00
    本书强调了在我国建立生态系统经营体系的重要性,并对这种经营体系的基础(森林的多重价值观)、发展以及宏观规划和育林措施进行了全面深入的讨论。
●
相关链接 在E读中查询图书 在五车中查询图书 在当当中查询图书 在豆瓣中查询图书


正题名:森林生态与生态系统经营     索取号:S718.55/28         预约/预借

序号 登录号 条形码 馆藏地/架位号 状态 备注
1 0851134   208511341   第二样本阅览室/ [索取号:S718.55/28] 在馆    
2 0851135   208511350   第三借阅区/ [索取号:S718.55/28] 在馆    
3 0851136   208511369   第三借阅区/ [索取号:S718.55/28] 在馆    
4 0851137   208511378   第三借阅区/ [索取号:S718.55/28] 在馆    
5 0851138   208511387   第三借阅区/ [索取号:S718.55/28] 在馆    
唐山师范学院图书馆 欢迎您!
大连网信软件有限公司© 版权所有